Číslicový trojfázový elektromer = Digital threephase electric supply meter : Diplomová práca /

Salvato in:
Dettagli Bibliografici
Autore principale: Vavrek, Peter (Autore)
Altri autori: Fuchs, Peter, 1959- (Relatore della tesi)
Natura: Manoscritto Libro
Pubblicazione: Bratislava : STU v Bratislave FEI, 1997
Soggetti:
Tags: Aggiungi Tag
Nessun Tag, puoi essere il primo ad aggiungerne!!

MARC

LEADER 00000ntm a22000003a 4500
001 stu9930
005 20160719164947.4
008 970627s1997----------------------------d
040 |a STU  |b slo 
041 0
100 1 |a Fuchs, Peter,  |d 1959-  |4 ths  |u E400  |U FEI Fakulta elektrotechniky a informatiky  |T FEI Ústav automobilovej mechatroniky  |X 1898  |U E400  |Y 642  |7 A000001898 
245 1 |a Číslicový trojfázový elektromer = Digital threephase electric supply meter :  |b Diplomová práca /  |c [aut.] Vavrek,Peter; Škol. Fuchs,Peter 
260 |a Bratislava :  |b STU v Bratislave FEI,  |c 1997 
300 |a 56 s :  |b príl 
650 7 |a elektronika  |2 stusub 
700 1 |a Vavrek, Peter  |4 aut